Environmental science : (Record no. 13315)

000 -LEADER
fixed length control field 01127cam a2200277 a 4500
001 - CONTROL NUMBER
control field 12339136
005 - DATE AND TIME OF LATEST TRANSACTION
control field 20180922020035.0
008 - FIXED-LENGTH DATA ELEMENTS--GENERAL INFORMATION
fixed length control field 010308s2002 njua b 001 0 eng
010 ## - LIBRARY OF CONGRESS CONTROL NUMBER
LC control number 2001021518
020 ## - INTERNATIONAL STANDARD BOOK NUMBER
International Standard Book Number 0130325384
040 ## - CATALOGING SOURCE
Original cataloging agency DLC
Transcribing agency DLC
Modifying agency DLC
050 00 - LIBRARY OF CONGRESS CALL NUMBER
Classification number GE105
Item number .N42 2002
082 00 - DEWEY DECIMAL CLASSIFICATION NUMBER
Classification number 363.7
Edition number 21
100 1# - MAIN ENTRY--PERSONAL NAME
Personal name Wright, Richard T.,
Dates associated with a name 1933-
245 10 - TITLE STATEMENT
Title Environmental science :
Remainder of title toward a sustainable future /
Statement of responsibility, etc. Richard T. Wright, Bernard J. Nebel.
250 ## - EDITION STATEMENT
Edition statement 8th ed.
260 ## - PUBLICATION, DISTRIBUTION, ETC. (IMPRINT)
Place of publication, distribution, etc. Upper Saddle River, N.J. :
Name of publisher, distributor, etc. Prentice Hall,
Date of publication, distribution, etc. c2002.
300 ## - PHYSICAL DESCRIPTION
Extent xxi, 681 p. :
Other physical details col. ill. ;
Dimensions 29 cm.
500 ## - GENERAL NOTE
General note Nebel's name appears first on the previous eds.
504 ## - BIBLIOGRAPHY, ETC. NOTE
Bibliography, etc Includes bibliographical references (p. 631-644) and index.
650 #0 - SUBJECT ADDED ENTRY--TOPICAL TERM
Topical term or geographic name as entry element Environmental sciences
Form subdivision Textbooks.
700 1# - ADDED ENTRY--PERSONAL NAME
Personal name Nebel, Bernard J.
906 ## - LOCAL DATA ELEMENT F, LDF (RLIN)
a 7
b cbc
c orignew
d 1
e ocip
f 20
g y-gencatlg
942 ## - ADDED ENTRY ELEMENTS (KOHA)
Source of classification or shelving scheme
Koha item type Hard Covered Materials
Classification part GE 105 .N42 2002
Koha issues (borrowed), all copies 2
Holdings
Withdrawn status Lost status Source of classification or shelving scheme Damaged status Not for loan Home library Current library Shelving location Date acquired Source of acquisition Total Checkouts Full call number Barcode Date last seen Date last checked out Price effective from Koha item type
          MACHAKOS UNIVERSITY LIBRARY MACHAKOS UNIVERSITY LIBRARY Open shelf 10/08/2016 Donation (BFA) 2 GE 105 .N42 2002 21856 07/06/2019 21/09/2018 10/08/2016 Hard Covered Materials
© Machakos University Library, Along The Highway, Machakos Wote Rd, Machakos, Kenya P.O. Box 136 - 90100 Machakos - Kenya

Tel: ( +254 ) 723 805829 OR Fax : 044-20353 OR Email: library@mksu.ac.ke